Food Words in Dutch - Statistics

General Stats
  • This quiz has been taken 268 times
  • The average score is 12 of 18
Answer Stats
Dutch English % Correct
Melk Milk
98%
Kaas Cheese
91%
Citroen Lemon
87%
Worst Sausage
84%
IJs Ice
79%
Zout Salt
79%
Taart Cake
78%
Sap Juice
78%
Rundvlees Beef
76%
Aardappel Potato
73%
Groente Vegetables
68%
Wortel Carrot
67%
Kers Cherry
63%
Ui Onion
59%
Meel Flour
49%
Sla Lettuce
49%
Kool Cabbage
46%
Glazuur Frosting
20%
No matching quizzes found
Score Distribution
Percent of People with Each Score
Percentile by Number Answered
Your Score History
You have not taken this quiz